00946nam a22002657a 450000500170000001000110001702000100002803500110003803700160004904000120006508200160007710000260009324500960011926000450021527000130026030000250027350000510029865000210034965000320037070000230040270000250042594200250045099900190047595201860049420170124110010.0 a472564 c00.00 a472564 bCen Lib/Ret aDPLbEN a370.19bCON aConnell, W. F.917641 aReadings in the foundations of education /cby W.F. Connell, R.L. Debus [and] W.R. Niblett  bRoutledge and Kegan PaulaLondon c1967 bLondon  axvi, 398p.c21cm(Hb) aIncludes bibliographical references and index  aEducation 91169 aEducation--Philosophy98710 aDebus, R.L.917643 aNiblett, W.R.917644 2ddccENh370.19mCON c126481d126481 04104070aLbLd2015-06-25eCen Lib/Retg0.00l0o370.19 CONp472564r2015-06-25 00:00:00t1v0.00w2015-06-25yENzWritten off on approval by DLB (By Circulation); dtd 15-06-2023